Statistiken für Häufigste Vornamen in Spanien

Klicken Sie hier um das Quiz zu spielen!

Allgemein

  • Dieses Quiz wurde 352 mal gespielt
  • Das Durchschnittsergebnis liegt bei 11 aus 40

Antwortstatistiken

Name% Korrekt
Juan
79%
María
79%
José
59%
Ana
52%
Carlos
51%
Luis
43%
Pablo
41%
Pedro
41%
Fernando
40%
Antonio
36%
David
33%
Miguel
33%
Manuel
30%
Sergio
30%
Carmen
27%
Isabel
27%
Javier
27%
Jesús
27%
Jorge
27%
Daniel
26%
Alejandro
24%
Laura
23%
Paula
23%
Cristina
22%
Francisco
22%
Ángel
20%
Marta
19%
Lucía
18%
Luisa
17%
Teresa
15%
Dolores
14%
Sara
13%
Antonia
12%
Rafael
11%
Elena
10%
Francisca
9%
Pilar
7%
Concepción
3%
Angeles
2%
Josefa
2%

Verteilung der Resultate

Perzentil nach korrekt beantworteten Fragen

Anzahl Personen mit jedem Resultat

Ihre Resultats-Entwicklung

Sie haben dieses Quiz noch nicht gespielt